| 000 | 00374nam a2200133Ia 4500 | ||
|---|---|---|---|
| 008 | 220217s9999||||xx |||||||||||||| ||und|| | ||
| 020 | _a08493-9871-1 | ||
| 082 | _a621.381 028 7 | ||
| 100 | _aAnderson,Norman A | ||
| 245 | 0 | _aInstrumentation for process measurements | |
| 260 |
_aCRC press _bLondon _c2005 |
||
| 300 | _b995 | ||
| 650 | _aINSTRUMENT AND MEASURMENTATION | ||
| 999 |
_c173882 _d173882 |
||